000 00262nam a2200097Ia 4500
001 642012
005 20250826153518.0
008 250824s9999 xx 000 0 und d
245 0 _aKURTULUŞUN KAHRAMANLARI 12 CAFER EFE
_cİSMAİL BİLGİN
260 _bTİMAŞ ÇOCUK
999 _c642012
_d642012